00000000cas 2200000zi 4500
0019.948447
003CaOODSP
00520260224132708
006m     o  d f      
007cr cn ||||||||
008250226c20259999qucar p o    f0###a0eng|d
022 |a2819-1153
040 |aCaOODSP|beng|erda|cCaOODSP
043 |an-cn---
0861 |aBC9-43E-PDF
222 0|aCanadian telecommunications market report
24500|aCanadian telecommunications market report.
264 1|aGatineau, Quebec, Canada : |bCanadian Radio-television and Telecommunications Commission = Conseil de la radiodiffusion et des télécommunications canadiennes, |c[2025]-
310 |aAnnual
336 |atext|btxt|2rdacontent
337 |acomputer|bc|2rdamedia
338 |aonline resource|bcr|2rdacarrier
3621 |aBegan with: 2025.
500 |aIssued also in French under title: Rapport sur le marché canadien des télécommunications.
588 |aDescription based on: 2025; title from PDF cover page.
588 |aLatest issue consulted: 2025.
650 0|aTelecommunication|zCanada|vStatistics|vPeriodicals.
655 7|aPeriodicals|2lcgft
7102 |aCanadian Radio-television and Telecommunications Commission, |eissuing body.
77508|tRapport sur le marché canadien des télécommunications.|w(CaOODSP)9.948446
78000|tAnnual highlights of the telecommunications sector ... |w(CaOODSP)9.904654
78000|tAnnual highlights of the broadcasting sector ...|w(CaOODSP)9.904650